00478nam a22001577a 45000050016000000100017000160200026000330350017000590370012000760820012000881000018001002450077001182600035001952700061002303000029002912010092501491.0 aB-416728-745 a9780143047160c225.00 aB-416728-745 bUBH/VEN a181.499 aBhatt, Mahesh aA taste of life : cby Mahesh Bhattbthe last days of U.G.Krishnamurti / aNew DelhibPenguin Booksc2009 a11, Community Centre, Panchsheel ParkbNew Delhie110017 axi, 161p. ;c22 cm.(Pbk)